ਸਮਕਾਲੀ ਪੰਜਾਬੀ ਵਾਰਤਕ ਦੀ ਪ੍ਰਵਾਚਨਾਤਮਕ ਪੜ੍ਹਤ: (Record no. 1851166)
[ view plain ]
| 000 -LEADER | |
|---|---|
| fixed length control field | 01069nam a22002057a 4500 |
| 005 - DATE AND TIME OF LATEST TRANSACTION | |
| control field | 20260511115307.0 |
| 008 - FIXED-LENGTH DATA ELEMENTS--GENERAL INFORMATION | |
| fixed length control field | 260511b |||||||| |||| 00| 0 eng d |
| 040 ## - CATALOGING SOURCE | |
| Transcribing agency | CRL |
| 041 ## - LANGUAGE CODE | |
| Language code of text | ਪੰਜਾਬੀ |
| 100 ## - MAIN ENTRY--PERSONAL NAME | |
| Student/researcher name | ਸਿੰਘ, ਸੁਖਵਿੰਦਰ |
| 245 ## - TITLE STATEMENT | |
| Title | ਸਮਕਾਲੀ ਪੰਜਾਬੀ ਵਾਰਤਕ ਦੀ ਪ੍ਰਵਾਚਨਾਤਮਕ ਪੜ੍ਹਤ: |
| Remainder of title | (ਨਰਿੰਦਰ ਸਿੰਘ ਕਪੂਰ, ਹਰਪਾਲ ਸਿੰਘ ਪੰਨੂ, ਅਮਰਜੀਤ ਚੰਦਨ ਅਤੇ ਗੁਰਬਚਨ ਰਚਿਤ ਵਾਰਤਕ ਸੰਦਰਭ ਵਿੱਚ ) |
| Statement of responsibility, etc. | by ਸੁਖਵਿੰਦਰ ਸਿੰਘ |
| 260 ## - PUBLICATION, DISTRIBUTION, ETC. | |
| Place of publication, distribution, etc. | ਦਿੱਲੀ, |
| Name of publisher, distributor, etc. | ਯੂਨੀਵਰਸਿਟੀ ਔਫ ਦਿੱਲੀ, |
| Date of publication, distribution, etc. | 2025. |
| 300 ## - PHYSICAL DESCRIPTION | |
| Extent | 270 ਪ. |
| 502 ## - Thesis Note | |
| Degree type | Ph.D. |
| Name of granting institution | University of Delhi |
| 650 ## - SUBJECT ADDED ENTRY--TOPICAL TERM | |
| LCSH or local subjects | ਪੰਜਾਬੀ ਲਿਟ੍ਰੇਚਰ |
| 700 ## - ADDED ENTRY--PERSONAL NAME | |
| Supervisor / Guide name | ਸਿੰਘ ਯਾਦਵਿੰਦਰ |
| 710 ## - ADDED ENTRY--CORPORATE NAME | |
| Department | ਡੇਪਟਮੈਂਟ ਔਫ ਪੰਜਾਬੀ |
| 942 ## - ADDED ENTRY ELEMENTS (KOHA) | |
| Koha item type | Thesis |
| 100 ## - MAIN ENTRY--PERSONAL NAME | |
| -- | 1238948 |
| 650 ## - SUBJECT ADDED ENTRY--TOPICAL TERM | |
| -- | 1238939 |
| 700 ## - ADDED ENTRY--PERSONAL NAME | |
| -- | 1238949 |
| 710 ## - ADDED ENTRY--CORPORATE NAME | |
| -- | 1238950 |
| 999 ## - | |
| -- | 1851166 |
| -- | 1851166 |
| Withdrawn status | Lost status | Not for loan | Home library | Current library | Date acquired | Accession Number | Koha item type |
|---|---|---|---|---|---|---|---|
| Central Library | Central Library | 2026-05-11 | TH0028506 | Thesis |
